=LDR 00000nam 2200000 4500 =001 INLIS000000000026183 =005 20130612124635 =008 ***********************************ind** =035 ##$$0010-061300000026183 =041 ##$$a ind =082 ##$$a 080 =090 ##$$a 080, REN m =100 ##$$a Rendra =245 ##$$a Mempertimbagkan Tradisi, Kumpulan karangan, Rendra =260 ##$$a 1984 $b Jakarta =300 ##$$a vii, 128 hlm., 21 cm =650 ##$$a Seni dan Masyarakat =850 ##$$a NBPNMAT